[Event "BOL-ch sf"]
[Site "La Paz"]
[Date "2020.02.15"]
[Round "6"]
[White "Almendras, Elias"]
[Black "Parada, Felipe"]
[Result "0-1"]
[WhiteElo "2143"]
[BlackElo "2083"]
[PlyCount "108"]
[EventDate "2020.02.13"]
[EventType "swiss"]
[EventRounds "7"]
[EventCountry "BOL"]
[SourceTitle "CBM 195 Extra"]
[Source "ChessBase"]
[SourceDate "2020.05.31"]
[SourceVersion "1"]
[SourceVersionDate "2020.05.31"]
[SourceQuality "1"]

1. e4 e5 2. Nf3 Nc6 3. Bc4 Bc5 4. 0-0 d6 5. c3 Bg4 6. d3 Nge7 7. Bxf7+ Kd7 8. b4 Qf8 9. Qb3 Bb6 10. Ng5 Nd8 11. Bc4 Be2 12. Qc2 Bxf1 13. Kxf1 h6 14. Nf3 Qf6 15. a4 a5 16. Nbd2 axb4 17. cxb4 Ndc6 18. Bb5 g5 19. Nc4 Ba7 20. Bb2 Kd8 21. Bxc6 Nxc6 22. b5 Nd4 23. Nxd4 Bxd4 24. Bxd4 exd4 25. b6 c6 26. a5 Qf4 27. g3 Qf3 28. Kg1 Kd7 29. a6 Rxa6 30. Rxa6 bxa6 31. Na5 c5 32. Qa4+ Ke6 33. Qb3+ Kd7 34. Qa4+ Ke6 35. Qa2+ Kd7 36. Qa4+ Ke6 37. Qc4+ Ke7 38. Qa2 Kd7 39. Qa4+ Ke6 40. Qb3+ Kd7 41. b7 g4 42. Qa4+ Ke6 43. Nc6 Qxd3 44. b8N Qb1+ 45. Kg2 Qxe4+ 46. Kg1 Qb1+ 47. Kg2 Rxb8 48. Qc4+ d5 49. Nxd4+ Kd6 50. Qxa6+ Rb6 51. Nf5+ Ke5 52. Qa3 Qe4+ 53. f3 Qxf3+ 54. Qxf3 gxf3+ 0-1

[Event "BOL-ch sf"]
[Site "La Paz"]
[Date "2020.02.15"]
[Round "5"]
[White "Parada, Felipe"]
[Black "Mariscal, Rodrigo"]
[Result "1/2-1/2"]
[WhiteElo "2083"]
[BlackElo "1995"]
[PlyCount "63"]
[EventDate "2020.02.13"]
[EventType "swiss"]
[EventRounds "7"]
[EventCountry "BOL"]
[SourceTitle "CBM 195 Extra"]
[Source "ChessBase"]
[SourceDate "2020.05.31"]
[SourceVersion "1"]
[SourceVersionDate "2020.05.31"]
[SourceQuality "1"]

1. e4 e5 2. Nf3 Nc6 3. Bc4 Bc5 4. d3 Nf6 5. Bg5 h6 6. Bh4 d6 7. Nc3 g5 8. Bg3 Bg4 9. h4 Rg8 10. hxg5 hxg5 11. Na4 Bb6 12. c3 Qe7 13. Rh6 Nd8 14. Qe2 Ne6 15. 0-0-0 0-0-0 16. Rdh1 Nf4 17. Bxf4 gxf4 18. Nxb6+ axb6 19. Qd1 c6 20. Qb3 b5 21. Bxf7 Rg7 22. Bg6 Be6 23. Qa3 Ng4 24. Rh7 Kb8 25. Qa5 Rdg8 26. Rxg7 Rxg7 27. Rh8+ Rg8 28. Rh7 Rg7 29. Rxg7 Qxg7 30. Qd8+ Ka7 31. Nh4 Qh6 32. Qa5+ 1/2-1/2

[Event "BOL-ch sf"]
[Site "Sucre"]
[Date "2018.07.04"]
[Round "1"]
[White "Titichoca Daza, Daniel Henry"]
[Black "Parada, Felipe"]
[Result "0-1"]
[WhiteElo "2010"]
[BlackElo "2052"]
[PlyCount "59"]
[EventDate "2018.07.04"]
[EventType "tourn"]
[EventRounds "9"]
[EventCountry "BOL"]
[SourceTitle "EXT 2019"]
[Source "ChessBase"]
[SourceDate "2018.10.10"]
[SourceVersion "1"]
[SourceVersionDate "2018.10.10"]
[SourceQuality "1"]

1. e4 e5 2. Nf3 Nc6 3. Bc4 Bc5 4. c3 Nf6 5. d3 h6 6. 0-0 d6 7. Nbd2 a6 8. Bb3 g5 9. Qe2 Qe7 10. Nc4 Bg4 11. Ne3 Bxe3 12. fxe3 0-0-0 13. Qf2 Rdf8 14. Nxg5 Nd7 15. Nf3 Rfg8 16. Nh4 Nc5 17. Bc2 Rg5 18. d4 Nd7 19. Bd2 f6 20. b4 Rhg8 21. Kh1 Nd8 22. h3 Be6 23. d5 Bf7 24. Nf5 Qf8 25. Rg1 Bg6 26. c4 Nb6 27. Bc3 Bxf5 28. exf5 e4 29. Qe2 Nf7 30. Bxf6 0-1